Report of the Committee on Roads and Transport on the 2024 Budget Estimates of the Ministry of Roads and Highways (Record no. 5877)

MARC details
000 -LEADER
fixed length control field 00582nam a22001697a 4500
003 - CONTROL NUMBER IDENTIFIER
control field OSt
005 - DATE AND TIME OF LATEST TRANSACTION
control field 20260107104113.0
008 - FIXED-LENGTH DATA ELEMENTS--GENERAL INFORMATION
fixed length control field 260107b |||||||| |||| 00| 0 eng d
041 ## - LANGUAGE CODE
Language code of text/sound track or separate title English
082 ## - DEWEY DECIMAL CLASSIFICATION NUMBER
Classification number CR/RT/23 Acc No. 12,084
110 ## - MAIN ENTRY--CORPORATE NAME
Corporate name or jurisdiction name as entry element Ministry of Roads and Highways
245 ## - TITLE STATEMENT
Title Report of the Committee on Roads and Transport on the 2024 Budget Estimates of the Ministry of Roads and Highways
260 ## - PUBLICATION, DISTRIBUTION, ETC.
Place of publication, distribution, etc. Accra:
Name of publisher, distributor, etc. Parliament of Ghana,
Date of publication, distribution, etc. 2023.
300 ## - PHYSICAL DESCRIPTION
Extent 13p.: tabs,
653 ## - INDEX TERM--UNCONTROLLED
Uncontrolled term Ministry of Roads and Highways
942 ## - ADDED ENTRY ELEMENTS (KOHA)
Source of classification or shelving scheme Dewey Decimal Classification
Koha item type Committee Reports
Suppress in OPAC No
Holdings
Withdrawn status Lost status Source of classification or shelving scheme Damaged status Not for loan Home library Current library Shelving location Date acquired Total checkouts Full call number Date last seen Price effective from Koha item type
    Dewey Decimal Classification     Main Library Main Library Open Shelves 07/01/2026   Acc No. 12,084 07/01/2026 07/01/2026 Committee Reports
©2026  Parliament of Ghana Library - All rights reserved